000 00486nam a2200181Ia 4500
003 GCL
008 140319s9999 xx 000 0 ara d
040 _aGCL /
_cGCL
082 0 4 _a822.01
_bب ا
100 1 _aبارى، ج . م
245 1 0 _aاربع مسرحيات قصيرة /
_cبارى، ج . م
700 1 _aحورية جلال
300 _a129 ص
490 _aالالف كتاب
_v0
650 0 4 _aالادب الانجليزى
650 0 4 _aالقصص
942 _2ddc
_cBK
999 _c43945
_d43945